| 000 | 00585nam a2200181 a 4500 | ||
|---|---|---|---|
| 005 | 20210223121359.0 | ||
| 008 | 991125s1977 mx 000 0 spa u | ||
| 035 | _aUPN01000016618 | ||
| 049 | _aF | ||
| 050 | 4 |
_aLA2367 S3 _bO7.3 |
|
| 100 | 1 |
_aOrrego Matte, Andrés Juan Pablo, _d1926-2008 _936301 |
|
| 245 | 1 | 0 |
_aDomingo Faustino Sarmiento : _bintento de ubicación de su ideología / _cAndrés Orrego Mate. |
| 260 |
_aGuadalajara : _bU de G, _c1977. |
||
| 300 | _a47 p. | ||
| 440 | 0 | _aPensadores latinoamericanos | |
| 600 | 1 | 4 |
_aSARMIENTO, DOMINGO FAUSTINO, _d1811-1888 |
| 905 | _aLibro | ||
| 999 |
_c16618 _d16618 |
||